000 00518nam a2200193Ia 4500
003 OSt
005 20221007083205.0
006 a|||||r|||| 00| 0
007 ta
008 221006b |||||||| |||| 00| 0 eng d
024 _a23,478
037 _cDissertations
040 _aFLL
_cFLL
_beng
041 _2eng
_aeng
100 _aSrivastava Sashi Kiron
_9700432
245 0 _aJudicial control on the abuse of discretionary powers.
942 _cDIS
_2CC
999 _c1169162
_d1169162